[Event "34.Schlosspark-Open"]
[Site "Wiesbaden-Biebrich"]
[Date "2025.08.30"]
[Round "4.20"]
[White "Hrytseniuk, Yanislav"]
[Black "Jahnel, Günther"]
[Result "0-1"]
[WhiteElo "1963"]
[BlackElo "2163"]
[PlyCount "136"]
[EventDate "2025.08.28"]
[WhiteTeam "Sfr.Mainz 1928"]
[BlackTeam "FVS ASP Hoyerswerda"]

1. e4 d6 2. Nf3 Nf6 3. Nc3 g6 4. d4 Bg7 5. h3 c6 6. Bd3 O-O 7. O-O Nbd7 8. Be3 e5 9. dxe5 dxe5 10. Nd2 Qe7 11. Qe2 Nc5 12. Nb3 Ne6 13. Rad1 Nh5 14. Bc4 Nhf4 15. Qf3 b6 16. Bxf4 Nxf4 17. Ne2 Ne6 18. Nd2 Bb7 19. Qg3 Nc5 20. b4 Ne6 21. c3 Rad8 22. Qe3 Rd7 23. Nb3 Rfd8 24. Rxd7 Qxd7 25. Nec1 Nf4 26. Ne2 Bc8 27. Nxf4 exf4 28. Qf3 Qe7 29. Rc1 Be5 30. Be2 Be6 31. Rc2 Qf6 32. Nc1 g5 33. Nd3 Kg7 34. Nxe5 Qxe5 35. Kf1 h6 36. Ke1 c5 37. a3 cxb4 38. axb4 a5 39. bxa5 bxa5 40. Rc1 a4 41. c4 Rd4 42. Qc3 Rxe4 43. Qxe5+ Rxe5 44. Kd2 f5 45. Ra1 Bd7 46. Ra3 Kf6 47. Bd1 g4 48. hxg4 fxg4 49. g3 f3 50. Bxa4 Ra5 51. Bxd7 Rxa3 52. Bxg4 Ke5 53. Bd7 Kd4 54. Bc6 Kxc4 55. Bb7 Kd4 56. Bc6 Rd3+ 57. Ke1 Rc3 58. Bb7 Rc1+ 59. Kd2 Rf1 60. Bxf3 Rxf2+ 61. Be2 Ke4 62. g4 Rg2 63. Kd1 Ke3 64. Ba6 Rg1+ 65. Kc2 Rxg4 66. Kc3 h5 67. Bb7 h4 68. Kc2 h3 0-1

[Event "34.Schlosspark-Open"]
[Site "Wiesbaden-Biebrich"]
[Date "2025.08.30"]
[Round "4.21"]
[White "Akhmatovski, Maxim"]
[Black "Tremöhlen, Thomas"]
[Result "0-1"]
[WhiteElo "2136"]
[BlackElo "1974"]
[PlyCount "68"]
[EventDate "2025.08.28"]
[WhiteTeam "SV Oberursel"]
[BlackTeam "Sportgemeinschaft Kaarst 1912/35"]

1. e4 c5 2. Nf3 Nc6 3. Bb5 Nf6 4. Bxc6 dxc6 5. d3 Qc7 6. h3 e5 7. O-O h6 8. Be3 Be6 9. Nbd2 Be7 10. b3 g5 11. Nh2 O-O-O 12. Kh1 Rdg8 13. Rg1 h5 14. Ndf1 Qd7 15. Qd2 g4 16. h4 Nh7 17. g3 f5 18. Qc3 b6 19. Re1 Bf6 20. Bc1 Qe7 21. Nd2 f4 22. Kg2 f3+ 23. Kf1 Bxh4 24. b4 Bf6 25. Ba3 cxb4 26. Bxb4 Qc7 27. Nc4 Bxc4 28. Qxc4 Ng5 29. d4 Kb7 30. a4 Rd8 31. c3 exd4 32. e5 Bxe5 33. a5 Rhe8 34. Ra1 Qf7 0-1

[Event "34.Schlosspark-Open"]
[Site "Wiesbaden-Biebrich"]
[Date "2025.08.30"]
[Round "4.22"]
[White "Sievers, Andy"]
[Black "Bischoff, Ulrich"]
[Result "0-1"]
[WhiteElo "2148"]
[BlackElo "1963"]
[PlyCount "134"]
[EventDate "2025.08.28"]
[WhiteTeam "SK Kaiserslautern 1905"]
[BlackTeam "Schachfreunde Eltville"]

1. e4 e5 2. Bc4 Nf6 3. d3 c6 4. Nf3 d5 5. exd5 cxd5 6. Bb5+ Bd7 7. Bxd7+ Nbxd7 8. O-O Bd6 9. c4 O-O 10. Nc3 d4 11. Nb5 Bc5 12. Rb1 a6 13. Na3 Bxa3 14. bxa3 Qc7 15. Re1 Rfe8 16. Bg5 b6 17. Rb2 h6 18. Bh4 Nh5 19. Bg3 Nxg3 20. hxg3 Re6 21. g4 Rae8 22. g5 Nc5 23. gxh6 Rxh6 24. Rbe2 Rhe6 25. Ng5 R6e7 26. Rd2 Qc6 27. Qh5 Qh6 28. Qxh6 gxh6 29. Ne4 Re6 30. f3 Kg7 31. Rb1 f5 32. Nxc5 bxc5 33. Rb7+ R8e7 34. Rdb2 e4 35. fxe4 fxe4 36. dxe4 Rxe4 37. Rxe7+ Rxe7 38. Rb6 Re2 39. Rxa6 Rc2 40. Kf1 Rxc4 41. Ke2 Rc2+ 42. Kd3 Rxg2 43. Rc6 Rg3+ 44. Kd2 Rc3 45. a4 h5 46. a5 h4 47. a6 h3 48. a7 Ra3 49. Rxc5 Kg6 50. Rc6+ Kg5 51. Rc8 Rxa7 52. Rh8 Kg4 53. Rg8+ Kf3 54. Rf8+ Kg2 55. Rg8+ Kh1 56. Kd3 Ra4 57. Ke4 Rxa2 58. Kxd4 Rg2 59. Ra8 Kg1 60. Ke3 Rf2 61. Ra1+ Kg2 62. Ra8 Rf3+ 63. Ke2 h2 64. Rh8 Rh3 65. Rg8+ Rg3 66. Rc8 h1=Q 67. Rc1 Qh5+ 0-1

[Event "34.Schlosspark-Open"]
[Site "Wiesbaden-Biebrich"]
[Date "2025.08.30"]
[Round "4.23"]
[White "Martin, Reiner"]
[Black "Wolf, Ulrich Martin"]
[Result "1/2-1/2"]
[WhiteElo "1954"]
[BlackElo "2143"]
[PlyCount "39"]
[EventDate "2025.08.28"]
[WhiteTeam "SC Bad Soden"]
[BlackTeam "SK Bad Homburg 1927"]

1. d4 f5 2. Bg5 g6 3. Nc3 Bg7 4. Nf3 d5 5. h4 Be6 6. e3 Nf6 7. Bf4 a6 8. h5 Nbd7 9. Ng5 Bf7 10. hxg6 hxg6 11. Rxh8+ Bxh8 12. Qf3 c6 13. Be2 Bg8 14. Qg3 Qb6 15. O-O-O O-O-O 16. Rh1 Bg7 17. Nf3 Bf7 18. Ng5 Bg8 19. Nf3 Bf7 20. Ng5 1/2-1/2

[Event "34.Schlosspark-Open"]
[Site "Wiesbaden-Biebrich"]
[Date "2025.08.30"]
[Round "4.24"]
[White "Calvi, Stefan"]
[Black "Ruppert, Wolfgang"]
[Result "1-0"]
[WhiteElo "1959"]
[BlackElo "2128"]
[PlyCount "163"]
[EventDate "2025.08.28"]
[WhiteTeam "SV Oberursel"]
[BlackTeam "SC Flörsheim 1921"]

1. e4 d6 2. d4 Nf6 3. Nc3 Nbd7 4. Nf3 e5 5. Be2 Be7 6. O-O c6 7. a4 Qc7 8. a5 h6 9. b3 Nf8 10. Be3 Ng6 11. Qd2 Ng4 12. Bc4 O-O 13. Ne2 Be6 14. Bxe6 fxe6 15. dxe5 dxe5 16. Qc3 Nxe3 17. Qxe3 Bb4 18. a6 b6 19. Ne1 Bc5 20. Qh3 Qf7 21. Nd3 Bd6 22. Qh5 Kh7 23. g3 Rad8 24. f4 exf4 25. gxf4 Qe8 26. Rae1 c5 27. e5 Bc7 28. Ng3 Ne7 29. Qxe8 Rdxe8 30. Kg2 Nc6 31. Rd1 Nd4 32. Rf2 Rd8 33. b4 c4 34. Ne1 Nxc2 35. Rxd8 Nxe1+ 36. Kf1 Rxd8 37. Kxe1 b5 38. Ne4 Kg6 39. Rg2+ Kf7 40. Nc3 Rb8 41. Rd2 Ke7 42. h4 g5 43. hxg5 hxg5 44. fxg5 Bxe5 45. Ne4 Rh8 46. Re2 Bd6 47. Nxd6 Kxd6 48. Rf2 Ke7 49. g6 Rf8 50. Rh2 Kf6 51. Rh7 Kxg6 52. Rxa7 Kf5 53. Rb7 Ke4 54. Rxb5 Ra8 55. Rb6 e5 56. b5 c3 57. Rb7 Rh8 58. Kd1 Kd3 59. Rd7+ Kc4 60. b6 Kb3 61. Rc7 c2+ 62. Rxc2 Rh1+ 63. Kd2 Rh2+ 64. Ke3 Kxc2 65. b7 Rh3+ 66. Ke4 Rb3 67. Kxe5 Rb6 68. a7 Rxb7 69. a8=Q Rb4 70. Qa2+ Kc3 71. Kd5 Rb7 72. Ke4 Rb4+ 73. Ke3 Rb3 74. Qd2+ Kc4+ 75. Ke4 Rb4 76. Qc2+ Kb5+ 77. Kd5 Ka5 78. Qa2+ Kb6 79. Qa8 Kb5 80. Qa7 Ra4 81. Qb7+ Ka5 82. Kc5 1-0

[Event "34.Schlosspark-Open"]
[Site "Wiesbaden-Biebrich"]
[Date "2025.08.30"]
[Round "4.25"]
[White "Böhnke, Marc"]
[Black "Sreeramulu, Aarush"]
[Result "0-1"]
[WhiteElo "1921"]
[BlackElo "2115"]
[PlyCount "86"]
[EventDate "2025.08.28"]
[WhiteTeam "Schachfreunde Eltville"]
[BlackTeam "SK Marburg 1931/72"]

1. d4 d5 2. c4 c6 3. Nf3 Nf6 4. Nc3 dxc4 5. a4 Bf5 6. e3 Nbd7 7. Bxc4 e6 8. O-O Bb4 9. Qb3 a5 10. Rd1 O-O 11. Bd2 Bg4 12. Be1 Qe7 13. Ne2 Nb6 14. Bd3 Nbd5 15. Rac1 Rfd8 16. e4 Bxe1 17. Rxe1 Nb4 18. Bb1 Rac8 19. Red1 Bxf3 20. Qxf3 e5 21. dxe5 Qxe5 22. Nc3 Na6 23. h3 Nc5 24. Rxd8+ Rxd8 25. Rd1 Rd4 26. Qe3 Ne6 27. Rxd4 Qxd4 28. Qxd4 Nxd4 29. f3 b5 30. axb5 cxb5 31. Kf2 b4 32. Ne2 Nc6 33. Ke3 Nd7 34. Nd4 Nce5 35. Ba2 Nb6 36. Ke2 a4 37. f4 Ned7 38. Kd3 Nc5+ 39. Ke3 b3 40. Bb1 Nc4+ 41. Ke2 Nxb2 42. Kd2 a3 43. Kc3 Nd1+ 0-1

[Event "34.Schlosspark-Open"]
[Site "Wiesbaden-Biebrich"]
[Date "2025.08.30"]
[Round "4.26"]
[White "Pohle, Dirk"]
[Black "von Auer, Ulrich"]
[Result "1/2-1/2"]
[WhiteElo "2101"]
[BlackElo "1960"]
[PlyCount "94"]
[EventDate "2025.08.28"]
[WhiteTeam "Langenfelder Schachfreunde 1933"]
[BlackTeam "SV Oberursel"]

1. e4 e6 2. d4 d5 3. Nd2 Nc6 4. Ngf3 Nf6 5. e5 Nd7 6. Bb5 a6 7. Bxc6 bxc6 8. O-O c5 9. Re1 cxd4 10. Nxd4 c5 11. N4f3 Be7 12. Nf1 O-O 13. c3 h6 14. Ng3 f6 15. Qd3 Nxe5 16. Nxe5 fxe5 17. Rxe5 Bf6 18. Re2 e5 19. Nh5 Bb7 20. Bxh6 gxh6 21. Qg6+ Kh8 22. Qxh6+ Kg8 23. Qg6+ Kh8 24. Re3 Bc8 25. Rg3 Ra7 26. Rd1 Bh4 27. Rxd5 Qe8 28. Qxe8 Rxe8 29. Re3 Rd7 30. Rxd7 Bxd7 31. h3 Bc6 32. Ng3 Bxg3 33. fxg3 e4 34. g4 Rd8 35. Kf2 Kg7 36. Ke2 Kf6 37. b4 c4 38. a4 Ke5 39. a5 Rg8 40. Kf2 Rd8 41. Ke2 Ba4 42. g3 Bc2 43. Kf2 Bd3 44. Kg2 Rf8 45. Re1 Rf3 46. Ra1 Rf7 47. Re1 Rf3 1/2-1/2

[Event "34.Schlosspark-Open"]
[Site "Wiesbaden-Biebrich"]
[Date "2025.08.30"]
[Round "4.27"]
[White "Burkhardt, Jan"]
[Black "Barbanera, Fabrizio"]
[Result "0-1"]
[WhiteElo "1915"]
[BlackElo "2098"]
[PlyCount "80"]
[EventDate "2025.08.28"]
[WhiteTeam "Sfr.Mainz 1928"]
[BlackTeam "SC Neumühl"]

1. d4 Nf6 2. c4 g6 3. Nc3 Bg7 4. e4 d6 5. f4 O-O 6. Nf3 c5 7. d5 e6 8. Be2 exd5 9. cxd5 Re8 10. e5 dxe5 11. fxe5 Ng4 12. e6 fxe6 13. d6 a6 14. Ne4 Nd7 15. Nfg5 Nde5 16. Qb3 Nf6 17. O-O Nxe4 18. Nxe4 Nf7 19. Be3 b6 20. Rxf7 Kxf7 21. Rf1+ Kg8 22. Bg5 Qd7 23. Kh1 Bb7 24. Bf3 Bxe4 25. Bxe4 Qxd6 26. Bxa8 Rxa8 27. Rd1 Rf8 28. h4 Qc6 29. Be7 c4 30. Qe3 Re8 31. Rd6 Qc8 32. Bg5 b5 33. Qa7 Qb8 34. Qxa6 Bxb2 35. Rxe6 Qc8 36. Qxc8 Rxc8 37. Rb6 Rc5 38. a4 Rxg5 39. hxg5 c3 40. Rb8+ Kf7 0-1

[Event "34.Schlosspark-Open"]
[Site "Wiesbaden-Biebrich"]
[Date "2025.08.30"]
[Round "4.28"]
[White "Faulhaber, Tobias"]
[Black "Hoffmann, Jens"]
[Result "1-0"]
[WhiteElo "1913"]
[BlackElo "2088"]
[PlyCount "61"]
[EventDate "2025.08.28"]
[WhiteTeam "SC Schifferstadt"]
[BlackTeam "SF HN-Biberach 1978 e.V."]

1. e4 c5 2. Nf3 d6 3. d4 cxd4 4. Nxd4 Nf6 5. Nc3 a6 6. h3 e5 7. Nb3 Be6 8. g3 Be7 9. Bg2 O-O 10. Be3 b5 11. O-O Nbd7 12. Nd5 Nxd5 13. exd5 Bf5 14. c3 Nb6 15. Na5 Nc4 16. Nc6 Qd7 17. Bc1 Bd8 18. b3 Na5 19. Kh2 Bg6 20. f4 f6 21. Be3 Bf7 22. a4 Bc7 23. axb5 axb5 24. Qc2 Nxc6 25. dxc6 Qe6 26. b4 d5 27. Bc5 Rfd8 28. fxe5 fxe5 29. Rxa8 Rxa8 30. Qf5 Ra3 31. Qxe6 1-0

[Event "34.Schlosspark-Open"]
[Site "Wiesbaden-Biebrich"]
[Date "2025.08.30"]
[Round "4.29"]
[White "Li, Maxim"]
[Black "Klein, Deniz"]
[Result "1-0"]
[WhiteElo "2066"]
[BlackElo "1956"]
[PlyCount "95"]
[EventDate "2025.08.28"]
[WhiteTeam "Wiesbadener SV 1885"]
[BlackTeam "SK Kaiserslautern 1905"]

1. e4 c5 2. Nc3 d6 3. f4 g6 4. Nf3 Bg7 5. Bb5+ Bd7 6. Bc4 Nc6 7. O-O e6 8. d3 Nge7 9. f5 O-O 10. Bg5 gxf5 11. exf5 d5 12. f6 dxc4 13. fxg7 Kxg7 14. Qd2 f6 15. Bh6+ Kg8 16. Bxf8 Qxf8 17. dxc4 Rd8 18. Ne4 Nf5 19. Qf2 b6 20. Nh4 Ne5 21. Nxf5 exf5 22. Ng3 Qh6 23. Nxf5 Bxf5 24. Qxf5 Rd2 25. Qxf6 Qxf6 26. Rxf6 Nxc4 27. Rf2 Rd7 28. b3 Ne5 29. Re1 Nc6 30. g3 Kg7 31. Kg2 Nb4 32. a3 Nc6 33. Re4 Ne7 34. h4 Nd5 35. Kh3 a5 36. Rg4+ Kh6 37. c4 Ne7 38. Rf6+ Ng6 39. Rxb6 a4 40. bxa4 Rd3 41. a5 Rxa3 42. a6 Kh5 43. Rg5+ Kh6 44. Rxc5 Kg7 45. Rc7+ Kh6 46. h5 Ra5 47. hxg6 hxg6 48. a7 1-0

[Event "34.Schlosspark-Open"]
[Site "Wiesbaden-Biebrich"]
[Date "2025.08.30"]
[Round "4.30"]
[White "Feick, Claas Marten"]
[Black "Schupp, Tobias"]
[Result "0-1"]
[WhiteElo "1872"]
[BlackElo "2071"]
[PlyCount "74"]
[EventDate "2025.08.28"]
[WhiteTeam "SF Neuberg"]
[BlackTeam "SK Niederbrechen 1948"]

1. e4 c5 2. c3 e6 3. d4 d5 4. e5 Qb6 5. Nf3 Bd7 6. Bd3 cxd4 7. O-O Nc6 8. Re1 h6 9. Nbd2 dxc3 10. bxc3 g5 11. Rb1 Qc7 12. c4 g4 13. Nh4 Nxe5 14. Rxe5 Qxe5 15. Bb2 d4 16. Qxg4 Nf6 17. Qxd4 Qxd4 18. Bxd4 Be7 19. Rxb7 Rg8 20. Nhf3 a5 21. Ne5 Ba4 22. Bc3 Nd7 23. Nxd7 Bc6 24. Be4 Bxb7 25. Bxb7 Kxd7 26. Bxa8 Rxa8 27. Ne4 f5 28. Ng3 Bb4 29. Bb2 Rc8 30. a3 Bd6 31. Bc3 a4 32. c5 Bxc5 33. Ne2 Bxa3 34. g3 Rb8 35. Be5 Rb1+ 36. Kg2 Bb2 37. Bc3 a3 0-1

[Event "34.Schlosspark-Open"]
[Site "Wiesbaden-Biebrich"]
[Date "2025.08.30"]
[Round "4.31"]
[White "Becx, Cesar"]
[Black "Haßelbacher, Uwe"]
[Result "1-0"]
[WhiteElo "2065"]
[BlackElo "1936"]
[PlyCount "75"]
[EventDate "2025.08.28"]
[WhiteTeam "Tilburg"]
[BlackTeam "Mosbacher SC von 1931"]

1. f4 d6 2. Nf3 g6 3. g3 Bg7 4. d3 c5 5. Bg2 Nc6 6. O-O Nf6 7. Nc3 O-O 8. e4 Bg4 9. h3 Bxf3 10. Qxf3 e6 11. g4 Nd7 12. g5 f6 13. h4 Qe7 14. Qh3 fxg5 15. hxg5 Nd4 16. Rf2 Rf7 17. Be3 Raf8 18. a4 a5 19. Raf1 Nb6 20. Kh1 Qd7 21. Qg4 e5 22. Qxd7 Nxd7 23. Nd5 exf4 24. Nxf4 Ne5 25. Bh3 Kh8 26. c3 Ndf3 27. d4 cxd4 28. cxd4 Nxg5 29. dxe5 Bxe5 30. Bg2 Kg8 31. b3 Re8 32. Nd5 Ref8 33. Rxf7 Nxf7 34. Bh3 Kg7 35. Kg2 Re8 36. Bd7 Rf8 37. Nc7 Nd8 38. Bh6+ 1-0

[Event "34.Schlosspark-Open"]
[Site "Wiesbaden-Biebrich"]
[Date "2025.08.30"]
[Round "4.32"]
[White "Gülsen, Taylan"]
[Black "Kobs, Stephan"]
[Result "1-0"]
[WhiteElo "2063"]
[BlackElo "1915"]
[PlyCount "81"]
[EventDate "2025.08.28"]
[WhiteTeam "Brühler SK 1920 e. V."]
[BlackTeam "TSG 1846 Bretzenheim/ZMO"]

1. d4 Nf6 2. Bf4 g6 3. Nc3 d5 4. h4 h5 5. Nf3 c6 6. Qd2 Qa5 7. e3 Bg7 8. Bd3 Bf5 9. O-O Bxd3 10. cxd3 O-O 11. b4 Qd8 12. a4 Nbd7 13. e4 dxe4 14. dxe4 Nh7 15. Bh6 Ndf6 16. Bxg7 Kxg7 17. Rfd1 Qc7 18. Rac1 Rad8 19. d5 Kg8 20. e5 Ng4 21. Qd4 Qb6 22. a5 Qxd4 23. Rxd4 cxd5 24. Nxd5 e6 25. Ne7+ Kg7 26. Rcd1 Rxd4 27. Rxd4 Rb8 28. Kf1 Nf8 29. b5 Re8 30. b6 axb6 31. axb6 Rxe7 32. Rc4 Rd7 33. Rc2 f6 34. exf6+ Kxf6 35. Rc8 Nh7 36. Ke2 Ne5 37. Nd2 Ke7 38. Ne4 Nf6 39. Nc5 Rd5 40. Rc7+ Kd6 41. Nxb7# 1-0

[Event "34.Schlosspark-Open"]
[Site "Wiesbaden-Biebrich"]
[Date "2025.08.30"]
[Round "4.33"]
[White "Jansen, Malte"]
[Black "Waffenschmidt, Joachim"]
[Result "1-0"]
[WhiteElo "1891"]
[BlackElo "2025"]
[PlyCount "63"]
[EventDate "2025.08.28"]
[WhiteTeam "SC Mattmeister Karben 1998"]
[BlackTeam "SV 1920 Hofheim"]

1. e4 c5 2. Nf3 e6 3. d4 cxd4 4. Nxd4 Nc6 5. Be3 Nf6 6. Bd3 Qc7 7. O-O d5 8. Nb5 Qb8 9. N1c3 Be7 10. exd5 exd5 11. Re1 Ng4 12. g3 Nxe3 13. fxe3 Be6 14. e4 Bc5+ 15. Kg2 d4 16. Nd5 O-O 17. Nbc7 Bxd5 18. Nxd5 Qd6 19. Qh5 Ne5 20. Rf1 g6 21. Qg5 f5 22. Rae1 Rae8 23. b4 Nxd3 24. cxd3 Bxb4 25. Rb1 Ba5 26. Rxb7 Bd8 27. Qh6 Be7 28. g4 Rf7 29. exf5 Bf8 30. fxg6 hxg6 31. Rfxf7 Bxh6 32. Nf6+ 1-0

[Event "34.Schlosspark-Open"]
[Site "Wiesbaden-Biebrich"]
[Date "2025.08.30"]
[Round "4.34"]
[White "Ringel, Max"]
[Black "Gentner, Markus"]
[Result "0-1"]
[WhiteElo "1760"]
[BlackElo "2001"]
[PlyCount "108"]
[EventDate "2025.08.28"]
[WhiteTeam "SK Bad Homburg 1927"]
[BlackTeam "SC Murrhardt 1948 e.V."]

1. e4 c6 2. d4 d5 3. e5 Bf5 4. Nc3 Qb6 5. g4 Bd7 6. h3 e6 7. Nge2 c5 8. Be3 Nc6 9. f4 cxd4 10. Bxd4 Nxd4 11. Qxd4 Bc5 12. Qd3 Bf2+ 13. Kd2 Ne7 14. Nd1 Bc5 15. Qb3 Qa5+ 16. Kc1 O-O 17. Bg2 Rac8 18. a4 b5 19. Ndc3 b4 20. Nd1 Rc7 21. Bf1 Bb5 22. Kb1 Bc4 23. Qf3 d4 24. Rh2 Bb6 25. b3 Ba6 26. Nc1 Rfc8 27. Bxa6 Qxa6 28. Nd3 Nd5 29. Kb2 Qb7 30. Rc1 Qc6 31. Ka1 a5 32. Qg2 Qd7 33. Qd2 Ne3 34. Nxe3 dxe3 35. Qd1 Bd4+ 36. Ka2 Bc3 37. Rb1 Bd2 38. Rb2 Bc3 39. Rb1 Qc6 40. h4 Bd2 41. Rb2 Qe4 42. Kb1 Bc3 43. Ra2 Rd7 44. g5 Qxf4 45. Qe2 Qg3 46. Rh1 Bd2 47. Rd1 Qxh4 48. Rxd2 exd2 49. Qxd2 Qd4 50. Qg2 Qc3 51. Rb2 Qc6 52. Qh2 Qf3 53. Ka2 Qd1 54. Qf2 Rxd3 0-1

[Event "34.Schlosspark-Open"]
[Site "Wiesbaden-Biebrich"]
[Date "2025.08.30"]
[Round "4.35"]
[White "Heindrich, Mark"]
[Black "Shanawaz Thabrez, Shahzaib"]
[Result "1/2-1/2"]
[WhiteElo "2037"]
[BlackElo "1899"]
[PlyCount "40"]
[EventDate "2025.08.28"]
[WhiteTeam "SAbt TuS Dotzheim"]
[BlackTeam "SK Langen"]

1. d4 Nf6 2. Nf3 b6 3. Bg5 Bb7 4. Nbd2 c5 5. e3 e6 6. Bd3 Be7 7. a3 cxd4 8. exd4 h6 9. Be3 Nc6 10. Nf1 Qc7 11. Qe2 a6 12. Ng3 Nd5 13. O-O f5 14. Bd2 Nf6 15. Rae1 g5 16. Ne5 Rf8 17. Nh5 Nxe5 18. Nxf6+ Bxf6 19. dxe5 Bg7 20. f4 a5 1/2-1/2

[Event "34.Schlosspark-Open"]
[Site "Wiesbaden-Biebrich"]
[Date "2025.08.30"]
[Round "4.36"]
[White "Schellen, Sven"]
[Black "Wagner, Stefan"]
[Result "0-1"]
[WhiteElo "1806"]
[BlackElo "1984"]
[PlyCount "126"]
[EventDate "2025.08.28"]
[WhiteTeam "SV Frankfurt Nord 1926"]
[BlackTeam "SC Landskrone"]

1. e4 c5 2. a3 e5 3. Nc3 Nc6 4. Bc4 Nf6 5. d3 d6 6. h3 a6 7. Nge2 Be6 8. Nd5 Bxd5 9. exd5 Ne7 10. Bg5 Qa5+ 11. Bd2 Qc7 12. Nc3 Ng6 13. O-O Be7 14. g3 O-O 15. h4 Qd7 16. Kg2 b5 17. h5 bxc4 18. hxg6 cxd3 19. gxh7+ Kh8 20. cxd3 Rab8 21. b4 cxb4 22. axb4 Rxb4 23. Rxa6 Qb7 24. Rc6 Nxd5 25. Nxd5 Qxc6 26. Bxb4 Qxd5+ 27. Qf3 Qxf3+ 28. Kxf3 Kxh7 29. Ra1 Rb8 30. Ra7 Rxb4 31. Rxe7 Kg6 32. Ke3 Kf6 33. Re8 Kf5 34. Re7 Kf6 35. Re8 g6 36. f3 Kf5 37. Rd8 Ke6 38. Re8+ Kd7 39. Rg8 Ra4 40. f4 Ke6 41. Re8+ Kf5 42. Rf8 exf4+ 43. gxf4 f6 44. Rd8 Rxf4 45. Rxd6 g5 46. d4 Re4+ 47. Kd3 Re1 48. Rd8 g4 49. d5 Kf4 50. d6 Rd1+ 51. Ke2 Rd5 52. d7 f5 53. Ke1 g3 54. Ke2 Rd6 55. Ke1 Kf3 56. Rf8 Rxd7 57. Rxf5+ Kg2 58. Re5 Rf7 59. Ke2 Kg1 60. Re8 Rf5 61. Re7 g2 62. Re8 Rh5 63. Kf3 Kh1 0-1

[Event "34.Schlosspark-Open"]
[Site "Wiesbaden-Biebrich"]
[Date "2025.08.30"]
[Round "4.37"]
[White "Schneider, Jörg"]
[Black "Kalina, Lena"]
[Result "1/2-1/2"]
[WhiteElo "2004"]
[BlackElo "1891"]
[PlyCount "105"]
[EventDate "2025.08.28"]
[WhiteTeam "Sfr.Mainz 1928"]
[BlackTeam "SC Landskrone"]

1. e4 c5 2. c4 Nc6 3. Ne2 e5 4. g3 g6 5. Bg2 Bg7 6. Nbc3 d6 7. d3 Nge7 8. O-O O-O 9. Be3 f5 10. Qd2 Nd4 11. Bg5 Ne6 12. Be3 Nc6 13. exf5 gxf5 14. f4 Ncd4 15. Nd5 Rb8 16. Rab1 b6 17. b4 Bb7 18. b5 Kh8 19. Nec3 Qe8 20. Rbe1 Qh5 21. Rf2 Ba8 22. Ne2 Rbe8 23. Bxd4 cxd4 24. Qb4 Nc5 25. Nc1 e4 26. dxe4 fxe4 27. f5 Bxd5 28. cxd5 Rxf5 29. Rxf5 Qxf5 30. Qc4 Qe5 31. Nb3 e3 32. Nc1 Qf6 33. Rf1 Qg6 34. Bh3 Be5 35. Bf5 Qg7 36. Kg2 Rg8 37. Rf3 Rf8 38. Qf1 Na4 39. g4 Nc3 40. Rh3 h6 41. Qf3 e2 42. Nd3 Nxd5 43. Qxd5 Rxf5 44. Qe4 e1=Q 45. Nxe1 Rf4 46. Qa8+ Kh7 47. g5 Rg4+ 48. Kf1 Rxg5 49. Nf3 Rg4 50. Ke1 Bf6 51. Kd1 Qe7 52. Qc8 d3 53. Qf5+ 1/2-1/2

[Event "34.Schlosspark-Open"]
[Site "Wiesbaden-Biebrich"]
[Date "2025.08.30"]
[Round "4.38"]
[White "Duizendstra, Ben"]
[Black "Hendriks, Theo"]
[Result "0-1"]
[WhiteElo "1591"]
[BlackElo "1987"]
[PlyCount "78"]
[EventDate "2025.08.28"]
[WhiteTeam "SK Bad Schwalbach"]
[BlackTeam "S.V.De Amstel"]

1. d4 Nf6 2. c4 g6 3. Nc3 Bg7 4. e4 d6 5. h3 O-O 6. Bg5 Nbd7 7. Nf3 h6 8. Be3 e5 9. d5 a5 10. Qc2 b6 11. O-O-O Nc5 12. g4 Nh7 13. Rg1 Ng5 14. Nxg5 hxg5 15. Qd2 f6 16. Be2 Kf7 17. Rh1 Rh8 18. Rdf1 Rh7 19. h4 gxh4 20. f4 exf4 21. Bxf4 Kg8 22. g5 fxg5 23. Bxg5 Qxg5 24. Qxg5 Bh6 25. Qxh6 Rxh6 26. Rfg1 Kg7 27. Bg4 Nd3+ 28. Kc2 Nf2 29. Bxc8 Nxh1 30. Bb7 Rb8 31. Rxh1 Rxb7 32. Nb5 Kf6 33. Rf1+ Kg5 34. Nd4 h3 35. Ne6+ Kg4 36. Rg1+ Kf3 37. Ng5+ Kf2 38. Nxh3+ Rxh3 39. Rxg6 Ke3 0-1

[Event "34.Schlosspark-Open"]
[Site "Wiesbaden-Biebrich"]
[Date "2025.08.30"]
[Round "4.39"]
[White "Rosenberger, Frank"]
[Black "Michalski, Uwe"]
[Result "1-0"]
[WhiteElo "2036"]
[BlackElo "1798"]
[PlyCount "87"]
[EventDate "2025.08.28"]
[WhiteTeam "SK 1980 Gernsheim"]
[BlackTeam "Sfr.Mainz 1928"]

1. e4 e5 2. Nf3 Nc6 3. Bc4 f5 4. d3 Bc5 5. Nc3 d6 6. Ng5 f4 7. h4 Nh6 8. Qh5+ Kf8 9. Ne6+ Bxe6 10. Bxe6 Nd4 11. Bb3 Qd7 12. Na4 Nxb3 13. axb3 Qg4 14. Qxg4 Nxg4 15. Nxc5 dxc5 16. Ra5 b6 17. Ra6 Ke7 18. Ke2 h5 19. Bd2 Rhb8 20. Rha1 Rb7 21. b4 cxb4 22. Bxb4+ c5 23. Bc3 Ke6 24. R1a5 Kd7 25. Ra2 Ke6 26. b3 Nf6 27. Ra1 Nd7 28. g3 fxg3 29. fxg3 Nb8 30. R6a2 a5 31. Rf1 g6 32. Rf8 Ke7 33. Rh8 Kd6 34. Rg8 Re7 35. Rxg6+ Re6 36. Rg8 Kc7 37. Ra1 Ra7 38. Rf1 Nd7 39. Rf7 Kd6 40. Rgg7 Rc7 41. Rf5 Rc8 42. Rxh5 Nf6 43. Rf5 Rg8 44. Bxe5+ 1-0

[Event "34.Schlosspark-Open"]
[Site "Wiesbaden-Biebrich"]
[Date "2025.08.30"]
[Round "4.40"]
[White "Launert, Martin"]
[Black "Reus, Rudolf"]
[Result "0-1"]
[WhiteElo "1855"]
[BlackElo "2226"]
[PlyCount "66"]
[EventDate "2025.08.28"]
[WhiteTeam "Schachfreunde Eltville"]
[BlackTeam "Sfr.Mainz 1928"]

1. e4 c5 2. Nf3 Nc6 3. Bb5 g6 4. O-O Bg7 5. Re1 Nd4 6. Bf1 d6 7. c3 Nxf3+ 8. Qxf3 Nf6 9. Bb5+ Bd7 10. a4 a6 11. Bxd7+ Nxd7 12. a5 O-O 13. d3 Ne5 14. Qd1 f5 15. exf5 Rxf5 16. Be3 Kh8 17. Kh1 Qd7 18. d4 Nc4 19. dxc5 Nxe3 20. Rxe3 Rxf2 21. cxd6 Qxd6 22. Na3 Raf8 23. Re1 Qc6 24. Qg4 h5 25. Qh3 Qf6 26. Qd3 Qg5 27. Rg1 Be5 28. Nc4 Bxh2 29. Qd4+ e5 30. Qe4 Bxg1 31. Rxg1 R8f4 32. Qxe5+ Qxe5 33. Nxe5 Rh4# 0-1

[Event "34.Schlosspark-Open"]
[Site "Wiesbaden-Biebrich"]
[Date "2025.08.30"]
[Round "4.41"]
[White "Wagner, Cosima Thien-An"]
[Black "Vranckx, Oscar"]
[Result "0-1"]
[WhiteElo "1837"]
[BlackElo "2107"]
[PlyCount "60"]
[EventDate "2025.08.28"]
[WhiteTeam "TV Tegernsee"]
[BlackTeam "Sfr.Mainz 1928"]

1. c4 b6 2. g3 Bb7 3. Nf3 Bxf3 4. exf3 c5 5. Bg2 Nc6 6. Nc3 Nf6 7. O-O g6 8. a3 Bg7 9. Rb1 Rc8 10. Re1 O-O 11. d3 d5 12. f4 e6 13. Qb3 Na5 14. Qa4 dxc4 15. dxc4 Qe8 16. Bf1 Qxa4 17. Nxa4 Rfd8 18. Be3 Ne8 19. Red1 Nd6 20. Rbc1 Nb3 21. Rc2 Nf5 22. Nc3 Rxd1 23. Nxd1 Rd8 24. Nc3 Bd4 25. Nd1 Bg7 26. Nc3 Nfd4 27. Bxd4 cxd4 28. Nb5 d3 29. Bxd3 Rxd3 30. Nxa7 Nd4 0-1

[Event "34.Schlosspark-Open"]
[Site "Wiesbaden-Biebrich"]
[Date "2025.08.30"]
[Round "4.43"]
[White "Färber, Anna"]
[Black "Puschendorf, Steffen"]
[Result "1/2-1/2"]
[WhiteElo "1781"]
[BlackElo "2026"]
[PlyCount "69"]
[EventDate "2025.08.28"]
[WhiteTeam "SV 1947 Walldorf"]
[BlackTeam "ESV Gera"]

1. e4 e6 2. d4 d5 3. e5 c5 4. c3 Nc6 5. Nf3 Bd7 6. Be2 f6 7. O-O fxe5 8. Nxe5 Nxe5 9. dxe5 Qc7 10. Bf4 g6 11. Nd2 Bg7 12. Nf3 Ne7 13. Re1 O-O 14. Qd2 Nc6 15. Bd3 Rab8 16. h4 Ne7 17. h5 gxh5 18. Bh6 Nf5 19. Bxg7 Kxg7 20. Qg5+ Kh8 21. Qxh5 Be8 22. Qh3 Qg7 23. Nh4 Nxh4 24. Qxh4 Rg8 25. Qh3 Bc6 26. Re3 d4 27. Rg3 Qf7 28. Bc4 Rbe8 29. cxd4 b5 30. Bf1 Rxg3 31. Qxg3 Rd8 32. Qh3 cxd4 33. Rd1 Rf8 34. Qg3 Rg8 35. Qh3 1/2-1/2